Geology of the Mackinac Straits region and sub-surface geology of northern Southern Peninsula, (Record no. 28176)
[ view plain ]
| 000 -LEADER | |
|---|---|
| fixed length control field | 01367cam a22003251 4500 |
| 001 - CONTROL NUMBER | |
| control field | gs 47000233 |
| 003 - CONTROL NUMBER IDENTIFIER | |
| control field | DLC |
| 005 - DATE AND TIME OF LATEST TRANSACTION | |
| control field | 20260227111352.0 |
| 008 - FIXED-LENGTH DATA ELEMENTS--GENERAL INFORMATION | |
| fixed length control field | 770317s1945 miuab s000 0 eng c |
| 010 ## - LIBRARY OF CONGRESS CONTROL NUMBER | |
| LC control number | gs 47000233 |
| 035 ## - SYSTEM CONTROL NUMBER | |
| System control number | (OCoLC)2811591 |
| 040 ## - CATALOGING SOURCE | |
| Original cataloging agency | U.S. Geol. Survey Libr. |
| Transcribing agency | MiRochOU |
| Modifying agency | DLC |
| 042 ## - AUTHENTICATION CODE | |
| Authentication code | premarc |
| 043 ## - GEOGRAPHIC AREA CODE | |
| Geographic area code | n-us-mi |
| 050 00 - LIBRARY OF CONGRESS CALL NUMBER | |
| Classification number | QE125 |
| Item number | .A4 |
| 082 ## - DEWEY DECIMAL CLASSIFICATION NUMBER | |
| Classification number | 557.74 |
| 100 1# - MAIN ENTRY--PERSONAL NAME | |
| Personal name | Landes, Kenneth K. |
| Fuller form of name | (Kenneth Knight), |
| Dates associated with a name | 1899- |
| 245 10 - TITLE STATEMENT | |
| Title | Geology of the Mackinac Straits region and sub-surface geology of northern Southern Peninsula, |
| Statement of responsibility, etc. | by Kenneth K. Landes, George M. Ehlers and George M. Stanley. |
| 260 ## - PUBLICATION, DISTRIBUTION, ETC. | |
| Place of publication, distribution, etc. | Lansing, |
| Date of publication, distribution, etc. | 1945. |
| 300 ## - PHYSICAL DESCRIPTION | |
| Extent | 204 p. |
| Other physical details | illus., maps (1 fold.) |
| Dimensions | 24 cm. |
| 490 1# - SERIES STATEMENT | |
| Series statement | Michigan. Dept. of Conservation. Geological Survey Division. Publication 44. Geological series, |
| Volume/sequential designation | 37 |
| 500 ## - GENERAL NOTE | |
| General note | "Published as a part of the Biennial report of the Geological Survey Division in 1944." |
| 504 ## - BIBLIOGRAPHY, ETC. NOTE | |
| Bibliography, etc. note | "References cited": p. 196-198. |
| 650 #0 - SUBJECT ADDED ENTRY--TOPICAL TERM | |
| Topical term or geographic name entry element | Geology |
| Geographic subdivision | Michigan |
| -- | Mackinac Island Region. |
| 650 #0 - SUBJECT ADDED ENTRY--TOPICAL TERM | |
| Topical term or geographic name entry element | Geology |
| Geographic subdivision | Michigan |
| -- | Upper Peninsula. |
| 700 1# - ADDED ENTRY--PERSONAL NAME | |
| Personal name | Ehlers, George Marion, |
| Dates associated with a name | 1891- |
| Relator term | jt. author. |
| 700 1# - ADDED ENTRY--PERSONAL NAME | |
| Personal name | Stanley, George M., |
| Dates associated with a name | 1905- |
| Relator term | jt. author. |
| 810 1# - SERIES ADDED ENTRY--CORPORATE NAME | |
| Corporate name or jurisdiction name as entry element | Michigan. |
| Subordinate unit | Geological Survey Division. |
| Title of a work | Publication ; |
| Volume/sequential designation | 44. |
| 810 1# - SERIES ADDED ENTRY--CORPORATE NAME | |
| Corporate name or jurisdiction name as entry element | Michigan. |
| Subordinate unit | Geological Survey Division. |
| Title of a work | Geological series ; |
| Volume/sequential designation | 37. |
No items available.